01001cam a22002531 4500001001300000003000400013005001700017008004100034010001700075035001900092040004100111042001200152050001500164100002300179245017100202260015900373300005200532500002700584504003200611651003400643650001600677651003700693999001700730sd 40000092 DLC20260227112733.0810108s1936 ii ab b 000 0 fre c asd 40000092  a(OCoLC)7051278 aU.S. Dept. of State. Libr.cOCldDLC apremarc00aD21.5b.R61 aRónai, András.10aBiographie des frontières politiques du centre-est européen;bétude politico-géographique consacrée à l'histoire des frontière,cpar André Rónai ... aBudapest,bÉdition de l'Institut des sciences politiques de la Société hongroise de statistiquea[Karcag,bKertesz-Józef könyvnyomdája]c1936. aiv, 140 p.billus. (incl. maps) diagrs.c24 cm. aMaps on lining papers. aBibliography: p. [133]-140. 0aEuropexHistorical geography. 0aBoundaries. 0aEuropexPolitics and government. c89843d89843